[Event "M.Chigorin Memorial"]
[Site "St. Petersburg RUS"]
[Date "2009.10.16"]
[Round "1.85"]
[White "Ponfilenok, Vladimir"]
[Black "Panjkov, Oleg"]
[Result "1-0"]
[WhiteElo "2440"]
[BlackElo "2054"]
[PlyCount "113"]

1. d4 c5 2. d5 Nf6 3. Nf3 e6 4. Nc3 d6 5. e4 a6 6. a4 exd5 7. exd5 Bg4 8. Be2
Be7 9. h3 Bxf3 10. Bxf3 O-O 11. O-O Nbd7 12. Bf4 Ne5 13. Be2 Nfd7 14. Qd2 f5
15. Be3 Nb6 16. b3 Ng6 17. f4 Bf6 18. a5 Nd7 19. Bc4 Re8 20. Rfe1 Kf8 21. Qd3
Kg8 22. Kh2 Ndf8 23. g3 Qc7 24. Bd2 Rxe1 25. Bxe1 Qd7 26. Bd2 Re8 27. Re1 Rxe1
28. Bxe1 Ne7 29. Na4 Nc8 30. Bd2 g6 31. Qe2 Qe7 32. Qxe7 Nxe7 33. Nxc5 dxc5 34.
d6+ Kg7 35. dxe7 Bxe7 36. Bd5 Nd7 37. Bxb7 Nb8 38. Kg2 h6 39. Kf3 Kf7 40. Ke3
Ke6 41. Kd3 Kd6 42. Kc4 Bd8 43. Be3 Bxa5 44. Bxc5+ Kc7 45. Bd5 Be1 46. Bf7 Bxg3
47. Bxg6 Bxf4 48. Bxf5 Nc6 49. Kd5 Nd8 50. Bd3 a5 51. Kc4 Ne6 52. Bf2 Bd2 53.
Kb5 Nf4 54. Bb6+ Kb7 55. Be4+ Kb8 56. Bf5 Ne2 57. Ka6 1-0

[Event "M.Chigorin Memorial"]
[Site "St. Petersburg RUS"]
[Date "2009.10.16"]
[Round "1.86"]
[White "Chernov, Vladimir E."]
[Black "Badmatsyrenov, Oleg"]
[Result "0-1"]
[WhiteElo "2042"]
[BlackElo "2437"]
[PlyCount "142"]

1. Nf3 c5 2. c4 Nf6 3. Nc3 e6 4. g3 b6 5. Bg2 Bb7 6. O-O Be7 7. d4 cxd4 8. Qxd4
d6 9. Rd1 a6 10. b3 Nbd7 11. Ba3 Nc5 12. Rab1 O-O 13. b4 Nce4 14. c5 dxc5 15.
Qe3 Qc7 16. Nxe4 Bxe4 17. Rbc1 c4 18. Bb2 Bd5 19. Be5 Qb7 20. h3 Bxb4 21. Bxf6
gxf6 22. Qh6 Qe7 23. Rd4 f5 24. Rxd5 exd5 25. Ng5 f6 26. Bxd5+ Kh8 27. Ne6 b5
28. Bxa8 Qxe6 29. Bf3 Rd8 30. Rc2 Bf8 31. Qf4 Qe5 32. Bb7 Qxf4 33. gxf4 Rd6 34.
Bc8 Rc6 35. Bxf5 b4 36. Bd7 Rd6 37. Ba4 c3 38. Kg2 Kg7 39. Kf3 f5 40. Bb3 Rh6
41. Kg2 Rg6+ 42. Kh1 Rd6 43. Kg2 Kf6 44. Rc1 Rd2 45. Rc2 Rd4 46. e3 Rd6 47. Rc1
a5 48. Rd1 Rc6 49. Bc2 Rc5 50. Kf3 Ke7 51. Ke2 Bg7 52. Bb3 Bf6 53. Bc2 Bh4 54.
Kf3 h6 55. Ke2 Bf6 56. Kf3 Bg7 57. Ke2 Bf8 58. Kf3 Ke6 59. Bb3+ Kf6 60. Bc2 Be7
61. Ke2 Rc6 62. Ba4 Rb6 63. Bc2 Ra6 64. Ba4 Bd6 65. Kd3 Ke6 66. Kc2 Ra8 67. Bb5
Ke7 68. Ba4 Rg8 69. Bc6 Rg6 70. Kb3 Kd8 71. a3 Kc7 0-1

[Event "M.Chigorin Memorial"]
[Site "St. Petersburg RUS"]
[Date "2009.10.16"]
[Round "1.87"]
[White "Lovkov, Roman"]
[Black "Martynenko, Alexey"]
[Result "1/2-1/2"]
[WhiteElo "2435"]
[BlackElo "2033"]
[PlyCount "69"]

1. d4 d5 2. c4 c6 3. Nf3 Nf6 4. e3 e6 5. Bd3 Nbd7 6. Nbd2 dxc4 7. Nxc4 b5 8.
Ncd2 a6 9. a4 Bb7 10. O-O Qb6 11. Qe2 Bd6 12. e4 e5 13. dxe5 Bxe5 14. Nb3 O-O
15. Be3 Qc7 16. Nxe5 Nxe5 17. Bc2 Neg4 18. f4 Nxe3 19. Qxe3 Rfe8 20. Nc5 Nd7
21. Nxd7 Qxd7 22. e5 c5 23. Qxc5 Bxg2 24. Bxh7+ Kxh7 25. Qc2+ Kg8 26. Qxg2 bxa4
27. Kh1 Rab8 28. Rg1 g6 29. Rad1 Qf5 30. Rd6 Re6 31. Rgd1 Rxd6 32. exd6 Qxf4
33. d7 Rd8 34. Qd5 Qf5 35. Qxf5 1/2-1/2

[Event "M.Chigorin Memorial"]
[Site "St. Petersburg RUS"]
[Date "2009.10.16"]
[Round "1.88"]
[White "Komarov, Andrei"]
[Black "Smirnov, Artem"]
[Result "0-1"]
[WhiteElo "2020"]
[BlackElo "2432"]
[PlyCount "122"]

1. e4 c5 2. Nf3 Nc6 3. g3 g6 4. Bg2 Bg7 5. O-O d6 6. Nc3 Bg4 7. h3 Bxf3 8. Qxf3
Nf6 9. d3 O-O 10. Be3 Nd7 11. Qe2 Nd4 12. Qd2 b5 13. Nd1 Rc8 14. c3 Nc6 15. Bh6
b4 16. Bxg7 Kxg7 17. Ne3 Qa5 18. Kh1 Nb6 19. f4 bxc3 20. bxc3 Na4 21. Rac1 f6
22. h4 Nd8 23. f5 Nb6 24. Bf3 Nf7 25. fxg6 hxg6 26. Bg4 Rb8 27. Be6 Rh8 28. Kg2
Rh5 29. Rf2 Rbh8 30. Qe2 Qb5 31. Qc2 Nd8 32. Bb3 Qd7 33. Qe2 Nc6 34. Ng4 c4 35.
Bxc4 Nxc4 36. dxc4 Ne5 37. Ne3 Qe6 38. Rb1 Nd7 39. Nd5 Re5 40. Nf4 Qf7 41. Nd3
Ra5 42. Rb5 Rxb5 43. cxb5 Qc4 44. Nf4 Rc8 45. h5 Qxe2 46. Rxe2 gxh5 47. Nxh5+
Kf7 48. Rb2 Rxc3 49. Nf4 Nc5 50. Nd5 Rc4 51. b6 axb6 52. Nxb6 Rxe4 53. Kf3 f5
54. Nd5 Ra4 55. Rh2 e6 56. Ne3 Kg6 57. Rb2 Nd3 58. Rd2 Ne5+ 59. Kf2 d5 60. Re2
Kf6 61. Kg2 d4 0-1

[Event "M.Chigorin Memorial"]
[Site "St. Petersburg RUS"]
[Date "2009.10.16"]
[Round "1.89"]
[White "Matsenko, Sergei"]
[Black "Abramichev, Artyom"]
[Result "1-0"]
[WhiteElo "2429"]
[BlackElo "2019"]
[PlyCount "77"]

1. e4 c5 2. Nf3 d6 3. d4 cxd4 4. Nxd4 Nf6 5. Nc3 a6 6. g3 e5 7. Nb3 Be6 8. Bg2
Be7 9. O-O O-O 10. a4 Nbd7 11. a5 Rc8 12. Be3 Bc4 13. Re1 b5 14. axb6 Nxb6 15.
Na5 Qc7 16. Nd5 Nbxd5 17. exd5 Bb5 18. c3 Nd7 19. Nc6 Bxc6 20. dxc6 Nb8 21. Qd5
Qxc6 22. Qxc6 Nxc6 23. Rxa6 Nb8 24. Ra7 Rfe8 25. Rea1 Kf8 26. Bd5 Nc6 27. Rd7
Red8 28. Rb7 Re8 29. Kf1 Nd8 30. Rd7 Ne6 31. Ke2 Nc5 32. Rda7 Red8 33. b4 Nd7
34. c4 Nf6 35. Bb6 Re8 36. Bc7 Nxd5 37. cxd5 Bd8 38. Bxd6+ Be7 39. Rxe7 1-0

[Event "M.Chigorin Memorial"]
[Site "St. Petersburg RUS"]
[Date "2009.10.16"]
[Round "1.90"]
[White "Bajaramov, Elvin"]
[Black "Alavkin, Arseny"]
[Result "0-1"]
[WhiteElo "2019"]
[BlackElo "2428"]
[PlyCount "80"]

1. e4 e6 2. d4 d5 3. e5 c5 4. c3 Nc6 5. Nf3 Qb6 6. Be2 cxd4 7. cxd4 Nh6 8. Bxh6
Qxb2 9. Nbd2 gxh6 10. O-O Nxd4 11. Nxd4 Qxd4 12. Bb5+ Kd8 13. Qe2 Rg8 14. Nf3
Qg4 15. g3 Bc5 16. Rac1 b6 17. Bc6 Rb8 18. Qd3 Ke7 19. Kg2 Kf8 20. Nd2 Kg7 21.
Nb3 Ba3 22. Rc2 Ba6 23. Qxa6 Qe4+ 24. Kg1 Qxc2 25. Bxd5 Bc5 26. Bg2 Qb2 27.
Qxa7 Qxe5 28. Rc1 Rbc8 29. Qa4 Bxf2+ 30. Kxf2 Qb2+ 31. Kf3 Rxc1 32. Nxc1 Qxc1
33. Qd4+ Kg6 34. Qe4+ Kf6 35. Qd4+ Ke7 36. Qh4+ Rg5 37. g4 Qa3+ 38. Kf4 Qd3 39.
Bf3 e5+ 40. Kg3 e4 0-1

[Event "M.Chigorin Memorial"]
[Site "St. Petersburg RUS"]
[Date "2009.10.16"]
[Round "1.91"]
[White "Utegaliyev, Azamat"]
[Black "Tolkachiov, Vladimir"]
[Result "1-0"]
[WhiteElo "2427"]
[BlackElo "2013"]
[PlyCount "120"]

1. b3 Nf6 2. Bb2 g6 3. g3 Bg7 4. Bg2 O-O 5. c4 d5 6. Nf3 Na6 7. O-O c6 8. d3
Bg4 9. Nbd2 Ne8 10. Qc2 Rc8 11. a3 f6 12. h3 Bd7 13. d4 Nd6 14. e4 dxe4 15.
Nxe4 Bf5 16. Nfd2 Bh6 17. Qc3 Qd7 18. Kh2 b6 19. Rad1 Qc7 20. Rfe1 c5 21. d5
Rf7 22. Kg1 Bg7 23. Qe3 Rd8 24. Nxd6 exd6 25. Qf4 Nb8 26. Re2 Nd7 27. g4 Bc2
28. Rc1 g5 29. Qg3 Bg6 30. Be4 Re7 31. Rce1 Ne5 32. Bxe5 fxe5 33. Qf3 Bxe4 34.
Nxe4 h6 35. Ng3 Rf7 36. Nf5 Rdf8 37. b4 Qd7 38. bxc5 bxc5 39. Rb1 Rd8 40. Reb2
e4 41. Qxe4 Bxb2 42. Nxh6+ Kg7 43. Nxf7 Re8 44. Qf3 Qxf7 45. Qxf7+ Kxf7 46.
Rxb2 Re1+ 47. Kg2 Rc1 48. Re2 Rxc4 49. Re6 Ra4 50. Rxd6 Rxa3 51. Rc6 Ra5 52.
Kf3 Rb5 53. Ke4 a5 54. Ke5 a4 55. Rc7+ Ke8 56. Ke6 Kd8 57. Ra7 Rb4 58. d6 Re4+
59. Kd5 Rb4 60. Kc6 Rb8 1-0

[Event "M.Chigorin Memorial"]
[Site "St. Petersburg RUS"]
[Date "2009.10.16"]
[Round "1.92"]
[White "Orlov, Anatoly"]
[Black "Vidit, Santosh Gujrathi"]
[Result "0-1"]
[WhiteElo "2009"]
[BlackElo "2423"]
[PlyCount "104"]

1. e4 c5 2. Nc3 Nc6 3. g3 g6 4. Bg2 Bg7 5. d3 e6 6. Be3 d6 7. Qd2 h5 8. Nge2
Nd4 9. h3 Ne7 10. O-O Rb8 11. Nd1 b6 12. c3 Nxe2+ 13. Qxe2 Ba6 14. f4 d5 15. c4
O-O 16. Rc1 Qd7 17. b3 Bb7 18. Bf2 Nc6 19. e5 Ne7 20. Nc3 f6 21. exf6 Bxf6 22.
Rfe1 Kf7 23. Rc2 Nf5 24. Kh2 Rfe8 25. Qf1 Rbd8 26. Nd1 Qc7 27. Kg1 Rd6 28. cxd5
exd5 29. Rxe8 Kxe8 30. Qe1+ Kf7 31. h4 Nd4 32. Bxd4 Bxd4+ 33. Kh2 Re6 34. Re2
Qe7 35. Bf3 Rxe2+ 36. Qxe2 Qxe2+ 37. Bxe2 b5 38. f5 Ba6 39. Bf3 gxf5 40. Bxd5+
Kg6 41. Kg2 b4 42. Bc4 Bb7+ 43. Kf1 Bf3 44. Nf2 Be5 45. Nh3 Bxg3 46. Ng5 Ba8
47. Ne6 Bxh4 48. Nxc5 Bg3 49. d4 h4 50. Nd3 h3 51. d5 a5 52. Kg1 f4 0-1

[Event "M.Chigorin Memorial"]
[Site "St. Petersburg RUS"]
[Date "2009.10.16"]
[Round "1.93"]
[White "Bukavshin, Ivan"]
[Black "Jafari, Golnaz"]
[Result "1-0"]
[WhiteElo "2417"]
[BlackElo "1999"]
[PlyCount "47"]

1. d4 Nf6 2. c4 c5 3. d5 b5 4. cxb5 a6 5. bxa6 Bxa6 6. Nc3 g6 7. Nf3 d6 8. g3
Bg7 9. Bg2 O-O 10. O-O Nbd7 11. Rb1 Qa5 12. Bd2 Rfb8 13. Qc2 Qc7 14. b3 Nb6 15.
Nh4 Nfd7 16. Rfe1 Ra7 17. f4 e6 18. dxe6 fxe6 19. e4 Nf6 20. Bh3 Qf7 21. Nf3
Bc8 22. Nb5 Rd7 23. e5 Ne8 24. Ng5 1-0

[Event "M.Chigorin Memorial"]
[Site "St. Petersburg RUS"]
[Date "2009.10.16"]
[Round "1.94"]
[White "Kuzmin, Egor"]
[Black "Malakhov, Igor"]
[Result "0-1"]
[WhiteElo "1995"]
[BlackElo "2414"]
[PlyCount "72"]

1. d4 Nf6 2. Nf3 c5 3. e3 e6 4. Be2 Be7 5. O-O O-O 6. b3 b6 7. Bb2 Bb7 8. c4 d6
9. Nc3 a6 10. dxc5 bxc5 11. Qc2 Nc6 12. Rad1 Qc7 13. Qb1 h6 14. Kh1 Rad8 15.
Ne4 Nxe4 16. Qxe4 e5 17. Qf5 Bc8 18. Qh5 Kh7 19. Nd2 g6 20. Qf3 h5 21. h3 f5
22. Nb1 Bb7 23. Qg3 f4 24. Qh2 Bg5 25. e4 f3 26. Bxf3 Nd4 27. Bxd4 cxd4 28. Qg3
Qe7 29. Qh2 Rf7 30. Rd3 Rdf8 31. Re1 Bf4 32. g3 Be3 33. fxe3 Rxf3 34. Nd2 Rf2
35. Qg1 Qg5 36. a3 Qf5 0-1

[Event "M.Chigorin Memorial"]
[Site "St. Petersburg RUS"]
[Date "2009.10.16"]
[Round "1.95"]
[White "Skomorokhin, Roman"]
[Black "Zheleznaykov, Peter"]
[Result "1-0"]
[WhiteElo "2413"]
[BlackElo "1990"]
[PlyCount "73"]

1. d4 d5 2. c4 e6 3. Nc3 Nf6 4. cxd5 exd5 5. Bg5 Be7 6. e3 O-O 7. Bd3 h6 8. Bh4
Re8 9. Qc2 c6 10. Nge2 Ne4 11. Bxe7 Qxe7 12. Bxe4 dxe4 13. Ng3 f5 14. O-O Be6
15. f3 exf3 16. Rxf3 Nd7 17. Raf1 Rf8 18. Nce2 Bd5 19. Nxf5 Qe6 20. R3f2 Be4
21. Qb3 Bd5 22. Qa3 Bc4 23. Ne7+ Kh7 24. Nf4 Rxf4 25. Rxf4 Bxf1 26. Rxf1 Re8
27. Nf5 Rf8 28. Qe7 Qxe7 29. Nxe7 Rxf1+ 30. Kxf1 Nb6 31. Nf5 Na4 32. b3 Nc3 33.
a4 a5 34. Ke1 Kg6 35. Nd6 b6 36. Nc4 Kf5 37. Nxb6 1-0

[Event "M.Chigorin Memorial"]
[Site "St. Petersburg RUS"]
[Date "2009.10.16"]
[Round "1.96"]
[White "Zhak, Boris"]
[Black "Gorovykh, Eduard"]
[Result "0-1"]
[WhiteElo "1983"]
[BlackElo "2403"]
[PlyCount "72"]

1. c4 Nf6 2. Nc3 g6 3. e4 d6 4. d4 Bg7 5. f3 O-O 6. Be3 Nc6 7. Nge2 a6 8. Qd2
Rb8 9. Bh6 b5 10. Bxg7 Kxg7 11. Nd5 e6 12. Nxf6 Qxf6 13. b3 bxc4 14. Rc1 cxb3
15. axb3 Bd7 16. d5 exd5 17. exd5 Ne5 18. f4 Qh4+ 19. Ng3 Ng4 20. Rc3 Rfe8+ 21.
Kd1 Qf6 22. Kc2 Rb4 23. Bc4 a5 24. Ra1 Ne3+ 25. Kc1 Nxc4 26. bxc4 Rxc4 27. Raa3
Rxf4 28. Rf3 Rc4+ 29. Kb1 Qe5 30. Qxa5 Rb8+ 31. Rab3 Rxb3+ 32. Rxb3 Bf5+ 33.
Nxf5+ Qxf5+ 34. Ka2 Qc2+ 35. Ka3 Qc1+ 36. Rb2 Rc2 0-1

[Event "M.Chigorin Memorial"]
[Site "St. Petersburg RUS"]
[Date "2009.10.16"]
[Round "1.97"]
[White "Svetlov, Dmitry"]
[Black "Yurenok, Maria S"]
[Result "1-0"]
[WhiteElo "2399"]
[BlackElo "1981"]
[PlyCount "71"]

1. c4 c6 2. e4 d5 3. exd5 cxd5 4. d4 Nf6 5. Nc3 e6 6. Nf3 Be7 7. Bd3 dxc4 8.
Bxc4 O-O 9. O-O Nc6 10. Bg5 b6 11. a3 Bb7 12. Qd3 h6 13. Bf4 Nh5 14. Bd2 Bd6
15. Bb3 Nf4 16. Bxf4 Bxf4 17. Bc2 g6 18. Rfe1 Ne7 19. Rad1 Rc8 20. Ne5 Bxe5 21.
Rxe5 Nf5 22. Qh3 Qf6 23. Bxf5 exf5 24. Qxh6 Rfd8 25. Rde1 Qc6 26. d5 Qd6 27. h4
Qf8 28. Qd2 Re8 29. d6 Rxe5 30. Rxe5 Rd8 31. Re7 Bc6 32. Qf4 a5 33. Ne2 Re8 34.
Nd4 Bd5 35. Qe5 Be6 36. Nxe6 1-0

[Event "M.Chigorin Memorial"]
[Site "St. Petersburg RUS"]
[Date "2009.10.16"]
[Round "1.98"]
[White "Obrezchikov, Mikhail"]
[Black "Solovjov, Sergey I."]
[Result "0-1"]
[WhiteElo "1968"]
[BlackElo "2398"]
[PlyCount "80"]

1. d4 Nf6 2. c4 g6 3. Nc3 Bg7 4. e4 d6 5. f3 O-O 6. Be3 Nc6 7. Qd2 a6 8. Nge2
Rb8 9. Nc1 e5 10. d5 Nd4 11. Nb3 c5 12. dxc6 bxc6 13. Nxd4 exd4 14. Bxd4 d5 15.
cxd5 cxd5 16. e5 Nd7 17. f4 Re8 18. Be2 Bh6 19. O-O Nxe5 20. Bxe5 Rxe5 21. Qd4
Re8 22. Bf3 Bg7 23. Qxd5 Qb6+ 24. Kh1 Be6 25. Qd3 Qxb2 26. Nd5 Rbd8 27. Qc4
Qxa1 28. Rxa1 Bxa1 29. h3 Kg7 30. Qc6 Bxd5 31. Bxd5 Bd4 32. Qb7 Re1+ 33. Kh2
Bg1+ 34. Kg3 Re3+ 35. Bf3 Rd2 36. Qxa6 h5 37. h4 Bf2+ 38. Kh3 Rd4 39. Qf1 Be1
40. Qg1 Rxf4 0-1

[Event "M.Chigorin Memorial"]
[Site "St. Petersburg RUS"]
[Date "2009.10.16"]
[Round "1.99"]
[White "Kosov, Ivan"]
[Black "Pischikov, Vadim"]
[Result "1-0"]
[WhiteElo "2396"]
[BlackElo "1959"]
[PlyCount "61"]

1. e4 Nc6 2. Nf3 f5 3. exf5 d5 4. Bb5 Bxf5 5. O-O Nf6 6. d4 Bd7 7. Nc3 e6 8.
Re1 h6 9. Bd3 Bd6 10. Bg6+ Kf8 11. Ne5 Be8 12. Nxc6 bxc6 13. Bxe8 Qxe8 14. Qf3
Qd7 15. Ne2 Re8 16. Nf4 Qf7 17. Nd3 Nd7 18. Bf4 g5 19. Bxd6+ cxd6 20. Qg3 Ke7
21. Re2 Nf6 22. Nb4 Kd7 23. Qa3 Rc8 24. Qxa7+ Rc7 25. Qb6 Qh5 26. Rxe6 Kxe6 27.
Qxc7 Qe2 28. Nxc6 Re8 29. Rf1 Kf5 30. Qf7 h5 31. f3 1-0

[Event "M.Chigorin Memorial"]
[Site "St. Petersburg RUS"]
[Date "2009.10.16"]
[Round "1.100"]
[White "Kozlov, Mikhail"]
[Black "Trushelyov, Victor"]
[Result "0-1"]
[WhiteElo "1956"]
[BlackElo "2396"]
[PlyCount "84"]

1. Nf3 Nf6 2. d4 e6 3. c4 b6 4. g3 Bb7 5. Bg2 Bb4+ 6. Bd2 Bxd2+ 7. Nbxd2 d6 8.
O-O Nbd7 9. Qc2 O-O 10. e4 e5 11. d5 a5 12. b3 Ne8 13. Ne1 c6 14. dxc6 Bxc6 15.
Nd3 Nef6 16. a3 Qc7 17. b4 Rfc8 18. Qb2 Nf8 19. b5 Bb7 20. Rfe1 Ne6 21. Rac1
Qe7 22. f4 Nd7 23. Bh3 exf4 24. gxf4 Ndc5 25. Nxc5 Rxc5 26. Bxe6 Qxe6 27. f5
Qh6 28. Rc3 Re8 29. Rg3 Rxf5 30. Nf3 Rxe4 31. Rxe4 Bxe4 32. Qe2 Qc1+ 33. Ne1
Re5 34. Re3 f5 35. Kf2 Rc5 36. Nd3 Qxc4 37. Nxc5 Qxc5 38. Qh5 h6 39. Qe8+ Kh7
40. Ke2 Qc2+ 41. Ke1 Qxh2 42. Rxe4 Qh1+ 0-1

[Event "M.Chigorin Memorial"]
[Site "St. Petersburg RUS"]
[Date "2009.10.16"]
[Round "1.101"]
[White "Khuseinkhodzhaev, Muhammad"]
[Black "Emdin, Mark"]
[Result "1-0"]
[WhiteElo "2391"]
[BlackElo "1946"]
[PlyCount "149"]

1. Nf3 d5 2. d4 Nf6 3. c4 e6 4. Bg5 Be7 5. e3 h6 6. Bh4 O-O 7. Nbd2 b6 8. Bd3
Bb7 9. Qe2 Nbd7 10. O-O c5 11. Rac1 Ne4 12. Bg3 f5 13. cxd5 exd5 14. dxc5 Ndxc5
15. Nd4 Bf6 16. N2f3 a5 17. Bb5 Bxd4 18. exd4 Ne6 19. Be5 f4 20. Rfd1 Rc8 21.
Ba6 Bxa6 22. Qxa6 Rxc1 23. Rxc1 N6g5 24. Nxg5 Qxg5 25. Rc7 Nf6 26. f3 Qf5 27.
Qxb6 Nd7 28. Qc6 Nxe5 29. Qxd5+ Kh8 30. Qxe5 Qb1+ 31. Kf2 Qxb2+ 32. Kf1 Qb1+
33. Qe1 Qd3+ 34. Kg1 Qxd4+ 35. Kh1 Qb2 36. a4 Qd4 37. h4 Qxa4 38. Qe5 Rg8 39.
Ra7 Qd1+ 40. Kh2 Qd8 41. Qxf4 Qb6 42. Qf7 Qd4 43. Kh3 Qg1 44. Qe7 Qa1 45. Qc5
Qh1+ 46. Kg3 Qe1+ 47. Kg4 Qe6+ 48. Kf4 Qf6+ 49. Kg3 Qg6+ 50. Kh2 Qf6 51. Qc4
Qe5+ 52. Kh3 Qf5+ 53. Qg4 Qc5 54. Qd7 Qg1 55. Qe7 Qh1+ 56. Kg3 Qa1 57. Kh2 a4
58. Qb4 Qe5+ 59. Kh3 Qf5+ 60. Qg4 Qb1 61. Qxa4 Qh1+ 62. Kg3 Qb1 63. Qd4 Qe1+
64. Kh2 Qe6 65. Rd7 Qa2 66. Re7 Qb3 67. Qe5 Qa4 68. f4 Qb4 69. Rd7 Qa4 70. Rd4
Qc2 71. f5 Qf2 72. Rf4 Qc2 73. Rg4 Kh7 74. f6 gxf6 75. Qe7+ 1-0

[Event "M.Chigorin Memorial"]
[Site "St. Petersburg RUS"]
[Date "2009.10.16"]
[Round "1.102"]
[White "Azimova, Karina"]
[Black "Yaksin, Oleg"]
[Result "0-1"]
[WhiteElo "1943"]
[BlackElo "2385"]
[PlyCount "70"]

1. e4 c5 2. Nf3 d6 3. d4 cxd4 4. Nxd4 Nf6 5. Nc3 Nc6 6. Bc4 Qb6 7. Nxc6 bxc6 8.
O-O e5 9. Bb3 Be7 10. Be3 Qc7 11. h3 O-O 12. f4 Ba6 13. Rf2 exf4 14. Bxf4 Nd7
15. Rd2 Ne5 16. Kh1 Rad8 17. Ne2 g6 18. Nd4 Bf6 19. Qe1 Nc4 20. Bxc4 Bxc4 21.
c3 Rfe8 22. Rad1 Qb7 23. Qg3 Bg7 24. Bxd6 Rxe4 25. b3 Be6 26. Nxe6 Rxe6 27. Bf4
Rde8 28. Rd7 Qa6 29. Qf2 Rf6 30. Qd2 Rfe6 31. Qf2 Qb5 32. c4 Qf5 33. Rxa7 Rf6
34. Rf1 g5 35. Bg3 Qd3 0-1

[Event "M.Chigorin Memorial"]
[Site "St. Petersburg RUS"]
[Date "2009.10.16"]
[Round "1.103"]
[White "Vlasenko, Miroslav"]
[Black "Khatenever, Feliks"]
[Result "1-0"]
[WhiteElo "2384"]
[BlackElo "1929"]
[PlyCount "84"]

1. d4 Nf6 2. c4 g6 3. Nc3 d5 4. cxd5 Nxd5 5. e4 Nxc3 6. bxc3 c5 7. Be3 Bg7 8.
Qd2 O-O 9. Be2 Qa5 10. Rc1 Rd8 11. d5 Nd7 12. c4 Qxd2+ 13. Bxd2 Nf6 14. f3 h5
15. Nh3 b6 16. Nf2 Ne8 17. g4 hxg4 18. fxg4 Nd6 19. Bf4 f6 20. h4 Nf7 21. h5 g5
22. Bg3 e6 23. Bf3 exd5 24. exd5 Bb7 25. O-O b5 26. Rb1 Rac8 27. Ne4 a6 28. Bg2
Ba8 29. Nxf6+ Kh8 30. Ne4 Bd4+ 31. Kh1 Rf8 32. Rxf7 Rxf7 33. Nd6 Rff8 34. Nxc8
Rxc8 35. d6 Bxg2+ 36. Kxg2 bxc4 37. d7 Rd8 38. Rb8 Bf6 39. Be5 Rxb8 40. Bxf6+
Kg8 41. d8=Q+ Rxd8 42. Bxd8 c3 1-0

[Event "M.Chigorin Memorial"]
[Site "St. Petersburg RUS"]
[Date "2009.10.16"]
[Round "1.104"]
[White "Tzouvelekis, Ioannis"]
[Black "Bodnaruk, Anastasia"]
[Result "0-1"]
[WhiteElo "1926"]
[BlackElo "2384"]
[PlyCount "98"]

1. e4 c5 2. Nf3 d6 3. d4 Nf6 4. Nc3 cxd4 5. Nxd4 a6 6. Be2 e5 7. Nb3 Be7 8. a4
O-O 9. O-O Qc7 10. Be3 Be6 11. Kh1 Nbd7 12. f4 Nb6 13. Nd2 Nc4 14. Nxc4 Bxc4
15. Bxc4 Qxc4 16. Qd3 Rac8 17. Rad1 Rfe8 18. Qxc4 Rxc4 19. fxe5 dxe5 20. Bg5
Rd4 21. Be3 Rxd1 22. Rxd1 Rc8 23. Bg5 Ng4 24. Bxe7 Nf2+ 25. Kg1 Nxd1 26. Nxd1
Rxc2 27. Kf1 Rd2 28. Nf2 Rxb2 29. Nd3 Ra2 30. Nc5 a5 31. Bd8 Rb2 32. Bxa5 b5
33. Be1 Rc2 34. axb5 Rxc5 35. b6 Rb5 36. Bf2 Kf8 37. Ke2 Ke7 38. Kd3 Kd6 39.
Kc3 Rb1 40. Kc2 Rb4 41. Kd3 Rb2 42. Ke3 Rxb6 43. Kf3 Rb3+ 44. Be3 Ke6 45. g4 f6
46. h4 h6 47. g5 hxg5 48. hxg5 f5 49. exf5+ Kxf5 0-1

[Event "M.Chigorin Memorial"]
[Site "St. Petersburg RUS"]
[Date "2009.10.16"]
[Round "1.105"]
[White "Aleshin, Oleg"]
[Black "Fokin, Anatoly"]
[Result "1-0"]
[WhiteElo "2377"]
[BlackElo "1912"]
[PlyCount "71"]

1. d4 d5 2. c4 e6 3. Nc3 Nf6 4. cxd5 exd5 5. Bg5 Be7 6. e3 c6 7. Bd3 O-O 8. Qc2
Nbd7 9. Nf3 Re8 10. O-O Nf8 11. Rab1 N6d7 12. Bxe7 Qxe7 13. b4 a6 14. a4 Qd6
15. Rfe1 Nb6 16. a5 Nbd7 17. e4 dxe4 18. Nxe4 Qh6 19. Bc4 Ne6 20. Nd6 Re7 21.
Nf5 Qf6 22. Nxe7+ Qxe7 23. Bxe6 fxe6 24. Ne5 Nf6 25. Qc5 Qd8 26. Nc4 Nd5 27.
Nb6 Rb8 28. Nxd5 cxd5 29. Rbc1 Bd7 30. Qc7 Qe8 31. Qd6 Rd8 32. Rc7 Bc8 33. Qe5
Qf8 34. Rec1 h6 35. h3 Re8 36. Rxc8 1-0

[Event "M.Chigorin Memorial"]
[Site "St. Petersburg RUS"]
[Date "2009.10.16"]
[Round "1.106"]
[White "Jarvinen, Seppo"]
[Black "Demina, Julia"]
[Result "0-1"]
[WhiteElo "1907"]
[BlackElo "2377"]
[PlyCount "74"]

1. Nf3 Nf6 2. g3 b5 3. Bg2 Bb7 4. O-O e6 5. d4 c5 6. c3 Na6 7. Bg5 Be7 8. Nbd2
O-O 9. a3 h6 10. Bxf6 Bxf6 11. e4 cxd4 12. cxd4 d6 13. Qe2 Qd7 14. Rac1 Rac8
15. Nb3 Bd8 16. Nfd2 Bb6 17. Kh1 Rxc1 18. Rxc1 Rc8 19. Rxc8+ Bxc8 20. Bh3 Nc7
21. d5 Qe7 22. f4 Bb7 23. dxe6 fxe6 24. Bg2 e5 25. f5 a6 26. Nf3 Ne8 27. Nh4
Qg5 28. Nf3 Qe3 29. Qxe3 Bxe3 30. Nfd2 Nf6 31. Bf3 Ba8 32. Kg2 a5 33. Nf1 Bb6
34. Nbd2 Bd4 35. b3 Bc5 36. a4 bxa4 37. bxa4 Bc6 0-1

[Event "M.Chigorin Memorial"]
[Site "St. Petersburg RUS"]
[Date "2009.10.16"]
[Round "1.107"]
[White "Serov, Maksim"]
[Black "Platonova, Lubov"]
[Result "1-0"]
[WhiteElo "2377"]
[BlackElo "1903"]
[PlyCount "85"]

1. d4 Nf6 2. Nf3 g6 3. c4 Bg7 4. g3 O-O 5. Bg2 d6 6. O-O Nbd7 7. Qc2 c6 8. Nc3
e5 9. Rd1 Qc7 10. b3 Ne8 11. dxe5 dxe5 12. Ba3 f5 13. Bxf8 Nxf8 14. Rd2 Ne6 15.
e3 f4 16. exf4 Nd4 17. Nxd4 exd4 18. Ne4 d3 19. Qc1 Bxa1 20. Qxa1 Bf5 21. Rxd3
Rd8 22. Qd1 Rxd3 23. Qxd3 Qe7 24. h3 Bxe4 25. Qxe4 Qd7 26. Qe5 a6 27. c5 Kf7
28. Bf1 Nf6 29. Bc4+ Nd5 30. Kg2 h6 31. g4 a5 32. g5 hxg5 33. fxg5 Qe6 34.
Qxe6+ Kxe6 35. f4 Kf5 36. Bxd5 cxd5 37. Kf3 d4 38. a3 d3 39. b4 axb4 40. axb4
d2 41. Ke2 Kxf4 42. Kxd2 Kxg5 43. b5 1-0

[Event "M.Chigorin Memorial"]
[Site "St. Petersburg RUS"]
[Date "2009.10.16"]
[Round "1.108"]
[White "Fedotov, Konstantin"]
[Black "Ivanov, Sergey A."]
[Result "0-1"]
[WhiteElo "1891"]
[BlackElo "2375"]
[PlyCount "114"]

1. e4 c5 2. Nc3 Nc6 3. g3 g6 4. Bg2 Bg7 5. d3 e6 6. f4 Nge7 7. Nf3 d6 8. O-O
O-O 9. Ne2 Nd4 10. c3 Nxf3+ 11. Bxf3 d5 12. Be3 d4 13. Bf2 e5 14. cxd4 cxd4 15.
g4 exf4 16. Nxf4 Nc6 17. Bg3 Ne5 18. Be2 Bd7 19. Rc1 Bc6 20. Qb3 Kh8 21. Rf2
Qe7 22. Rcf1 Rad8 23. h4 h6 24. Nh3 Kg8 25. g5 a5 26. a3 a4 27. Qb4 Qxb4 28.
axb4 h5 29. Nf4 Rfe8 30. b5 Bxb5 31. Nd5 Bc6 32. Nf6+ Bxf6 33. Rxf6 Rd7 34. Rc1
Bb5 35. Rc5 Bxd3 36. Rxe5 Rxe5 37. Bxe5 Bxe2 38. Rd6 Rxd6 39. Bxd6 f6 40. gxf6
Kf7 41. e5 Bc4 42. Kf2 Ke6 43. Kf3 Kf5 44. Bc7 b5 45. Bd6 d3 46. Ke3 g5 47.
hxg5 h4 48. Bb4 Kxg5 49. f7 Bxf7 50. Kf2 Kf4 51. Be7 h3 52. e6 Bxe6 53. Bd6+
Ke4 54. Bb4 Kd4 55. Bc3+ Kc4 56. Be5 Kb3 57. Ke3 Kc2 0-1

[Event "M.Chigorin Memorial"]
[Site "St. Petersburg RUS"]
[Date "2009.10.16"]
[Round "1.109"]
[White "Pakhomov, Egor"]
[Black "Stroganov, Anatoly"]
[Result "1-0"]
[WhiteElo "2371"]
[BlackElo "1890"]
[PlyCount "101"]

1. d4 f5 2. Nc3 Nf6 3. Bg5 e6 4. e4 fxe4 5. Nxe4 Be7 6. Bxf6 Bxf6 7. Qh5+ g6 8.
Qh6 b6 9. Nf3 Bb7 10. Bd3 Qe7 11. O-O-O Na6 12. d5 O-O-O 13. Bxa6 Bxa6 14. Qf4
Rhf8 15. d6 Qg7 16. Nxf6 Qxf6 17. Qg3 Qf4+ 18. Rd2 Bb7 19. dxc7 Kxc7 20. Ne5
Qxg3 21. hxg3 Rf5 22. f4 Rh5 23. Rhd1 Bc6 24. g4 Rh2 25. g3 Rxd2 26. Rxd2 d6
27. Nf7 Rd7 28. Ng5 e5 29. Rh2 e4 30. Kd2 d5 31. c3 Re7 32. Rxh7 e3+ 33. Ke1
Kd6 34. Rxe7 Kxe7 35. Nf3 Bb5 36. Nd4 Bd7 37. g5 Bg4 38. Nc2 Be6 39. Ke2 d4 40.
Nxd4 Bxa2 41. Kxe3 a5 42. g4 Bf7 43. Nc6+ Kd6 44. Ne5 Be8 45. Kd4 b5 46. f5
gxf5 47. gxf5 b4 48. cxb4 axb4 49. g6 Ke7 50. g7 Bf7 51. Nxf7 1-0